Loading...
| Fine Arts - Classical Music | 0 | 7 | 2 | 2 | 60 | 63 | 106.57 | 0 | 1 |
| Religion | 0 | 2 | 0 | 1 | 20 | 111 | 137.00 | 0 | 0 |
| Science - Biology | 0 | 2 | 0 | 0 | 20 | 110 | 114.00 | 0 | 0 |
| Philosophy | 0 | 1 | 0 | 0 | 10 | 122 | 122.00 | 0 | 0 |
| Current Events | 0 | 1 | 0 | 0 | 10 | 97 | 97.00 | 0 | 0 |
| Fine Arts - Other Fine Arts | 0 | 2 | 2 | 0 | 10 | 102 | 106.50 | 0 | 0 |
| Geography | 0 | 1 | 0 | 0 | 10 | 99 | 99.00 | 0 | 0 |
| Social Science | 0 | 2 | 2 | 1 | 10 | 118 | 129.50 | 0 | 0 |
| Fine Arts - Painting & Sculpture | 0 | 1 | 1 | 0 | 5 | 119 | 119.00 | 0 | 0 |
| Science - Other Science | 0 | 0 | 0 | 0 | 0 | 0.00 | 0 | 0 | |
| Other Academic | 0 | 1 | 2 | 0 | 0 | 99 | 99.00 | 0 | 0 |